Statistiques concernant Les préfectures des 12 départements composant la région Nouvelle Aquitaine

Cliquez ici pour prendre le quiz!

Statistiques générales

  • Ce quiz a été pris 91 fois
  • Le résultat moyen est 10 sur 12

Statistiques - réponses

DépartementPréfecture% Correct
33Bordeaux
99%
17La Rochelle
96%
64Pau
96%
86Poitiers
87%
87Limoges
87%
79Niort
85%
16Angoulême
81%
19Tulle
81%
40Mont-de-Marsan
81%
47Agen
81%
24Périgueux
79%
23Gueret
70%

Distribution des résultats

Percentile par nombre de réponses

% des personnes avec chaque résultat

Votre développement - résultats

Vous n’avez pas pris ce quiz